000 00854nam a2200265 a 4500
001 1
003 BD-JhCC
005 20230605175041.0
008 230605s2019 b |||| |||| 000 0 b d
020 _a9789849374237
035 _a(BD-JhCC)
040 _aBD-JhCC
_dBD-JhCC
041 _aben
082 _a398.20947
_bRUS 2019
245 _aরুশদেশের রূপকথা /
_cসম্পাদনায় ভবেশ রায় এবং মিলন নাথ
260 _aঢাকা :
_bপান্ডুলিপি,
_c২০১৯
300 _a৬৪ পৃ. :
_c২১ সেমি.
650 _aFairy tales
_zRussia
650 _aFolk literature, Russian
650 _aErotic stories, Russian
650 _aFolklore
700 _aরায়, ভবেশ
700 _aনাথ, মিলন
942 _2ddc
_cBK
999 _c12943
_d12943